[Event "Rapid 2018"]
[Site "Saint-Petersburg"]
[Date "2018.12.28"]
[Round "11"]
[Board "65"]
[White "Tsydypov Zhamsaran (RUS)"]
[Black "Teterev Vitaly (BLR)"]
[Result "1-0"]
[LiveChessVersion "1.4.8"]
[BlackElo "2472"]
[WhiteElo "2595"]

1. d4 {[%clk 0:15:17]} Nf6 {[%clk 0:15:18]} 2. c4 {[%clk 0:15:24]} g6
{[%clk 0:15:26]} 3. Nc3 {[%clk 0:15:32]} Bg7 {[%clk 0:15:35]} 4. e4
{[%clk 0:15:39]} d6 {[%clk 0:15:44]} 5. Nf3 {[%clk 0:15:45]} O-O {[%clk 0:15:51]}
6. Be2 {[%clk 0:15:53]} e5 {[%clk 0:16:00]} 7. O-O {[%clk 0:16:00]} exd4
{[%clk 0:16:07]} 8. Nxd4 {[%clk 0:16:08]} Re8 {[%clk 0:16:15]} 9. f3
{[%clk 0:16:09]} Nc6 {[%clk 0:16:24]} 10. Be3 {[%clk 0:15:38]} Nh5
{[%clk 0:16:32]} 11. Rf2 {[%clk 0:14:15]} f5 {[%clk 0:15:19]} 12. Nxc6
{[%clk 0:14:09]} bxc6 {[%clk 0:15:28]} 13. Bd4 {[%clk 0:11:56]} Nf6
{[%clk 0:14:28]} 14. exf5 {[%clk 0:10:54]} Bxf5 {[%clk 0:14:17]} 15. c5
{[%clk 0:11:02]} d5 {[%clk 0:12:21]} 16. b4 {[%clk 0:10:34]} a6 {[%clk 0:09:54]}
17. Bf1 {[%clk 0:07:37]} Nd7 {[%clk 0:08:32]} 18. Bxg7 {[%clk 0:07:08]} Kxg7
{[%clk 0:08:41]} 19. Ne2 {[%clk 0:07:05]} Qf6 {[%clk 0:06:19]} 20. Nd4
{[%clk 0:07:04]} Nf8 {[%clk 0:06:01]} 21. Nb3 {[%clk 0:03:52]} Bd7
{[%clk 0:05:45]} 22. Qd4 {[%clk 0:03:58]} Qxd4 {[%clk 0:04:16]} 23. Nxd4
{[%clk 0:04:07]} a5 {[%clk 0:04:05]} 24. b5 {[%clk 0:04:09]} cxb5
{[%clk 0:04:12]} 25. c6 {[%clk 0:04:17]} Bc8 {[%clk 0:01:53]} 26. Nxb5
{[%clk 0:04:15]} Ne6 {[%clk 0:02:00]} 27. Rd2 {[%clk 0:00:39]} Ra6
{[%clk 0:02:09]} 28. Rc1 {[%clk 0:00:31]} Rd8 {[%clk 0:02:18]} 29. a4
{[%clk 0:00:19]} Rb6 {[%clk 0:01:54]} 30. Kf2 {[%clk 0:00:27]} Kf6
{[%clk 0:01:57]} 31. g3 {[%clk 0:00:35]} Ba6 {[%clk 0:01:45]} 32. f4
{[%clk 0:00:21]} Bxb5 {[%clk 0:00:43]} 33. axb5 {[%clk 0:00:22]} a4
{[%clk 0:00:46]} 34. Ra2 {[%clk 0:00:21]} Ra8 {[%clk 0:00:51]} 35. Ke3
{[%clk 0:00:24]} Ke7 {[%clk 0:00:43]} 36. Ra3 {[%clk 0:00:19]} Kd6
{[%clk 0:00:42]} 37. Rd1 {[%clk 0:00:28]} Ra5 {[%clk 0:00:29]} 38. Bc4
{[%clk 0:00:32]} Raxb5 {[%clk 0:00:33]} 39. Bxb5 {[%clk 0:00:41]} Rxb5
{[%clk 0:00:42]} 40. Rxa4 {[%clk 0:00:48]} Kxc6 {[%clk 0:00:26]} 41. Ra6+
{[%clk 0:00:57]} Kd7 {[%clk 0:00:35]} 42. Rd2 {[%clk 0:01:01]} h5
{[%clk 0:00:27]} 43. Kf3 {[%clk 0:00:49]} Rb3+ {[%clk 0:00:33]} 44. Kg2
{[%clk 0:00:56]} c6 {[%clk 0:00:25]} 45. Ra7+ Kd6 46. Rf7 {[%clk 0:00:57]} d4
{[%clk 0:00:16]} 47. Rf6 {[%clk 0:01:02]} Kd5 {[%clk 0:00:25]} 48. Re2
{[%clk 0:01:07]} Nd8 {[%clk 0:00:12]} 49. Re8 {[%clk 0:00:53]} Nb7
{[%clk 0:00:12]} 50. Re5+ {[%clk 0:01:01]} Kc4 {[%clk 0:00:21]} 51. Rxc6+
{[%clk 0:01:10]} Kd3 {[%clk 0:00:29]} 52. Rxg6 {[%clk 0:01:09]} Rb2+
{[%clk 0:00:38]} 53. Kf3 {[%clk 0:01:17]} Kd2 {[%clk 0:00:47]} 54. Re2+
{[%clk 0:01:26]} 1-0

[Event "Rapid 2018"]
[Site "Saint-Petersburg"]
[Date "2018.12.28"]
[Round "11"]
[Board "66"]
[White "Al-Sayed Mohammed (QAT)"]
[Black "Miton Kamil (POL)"]
[Result "0-1"]
[LiveChessVersion "1.4.8"]
[BlackElo "2590"]
[WhiteElo "2419"]

1. e4 {[%clk 0:15:15]} c5 {[%clk 0:15:17]} 2. Nf3 {[%clk 0:15:21]} d6
{[%clk 0:15:21]} 3. Bb5+ {[%clk 0:15:27]} Bd7 {[%clk 0:15:23]} 4. a4
{[%clk 0:15:22]} Nf6 {[%clk 0:15:17]} 5. Nc3 {[%clk 0:15:20]} e6 {[%clk 0:15:19]}
6. e5 {[%clk 0:14:52]} dxe5 {[%clk 0:15:15]} 7. Nxe5 {[%clk 0:15:00]} Be7
{[%clk 0:14:47]} 8. O-O {[%clk 0:14:47]} O-O {[%clk 0:14:50]} 9. d3
{[%clk 0:14:26]} a6 {[%clk 0:13:37]} 10. Bxd7 {[%clk 0:14:25]} Nbxd7
{[%clk 0:13:45]} 11. Nc4 {[%clk 0:14:19]} Nb6 {[%clk 0:12:22]} 12. Nxb6
{[%clk 0:14:26]} Qxb6 {[%clk 0:12:31]} 13. Qf3 {[%clk 0:14:34]} Rac8
{[%clk 0:12:22]} 14. b3 {[%clk 0:13:23]} Qc6 {[%clk 0:12:15]} 15. Qxc6
{[%clk 0:13:17]} Rxc6 {[%clk 0:12:24]} 16. Re1 {[%clk 0:13:06]} b6
{[%clk 0:12:18]} 17. Bf4 {[%clk 0:12:50]} Rd8 {[%clk 0:12:18]} 18. Kf1
{[%clk 0:12:44]} Kf8 {[%clk 0:12:17]} 19. h3 {[%clk 0:12:27]} Rcc8
{[%clk 0:12:13]} 20. Rad1 {[%clk 0:11:59]} Nd7 {[%clk 0:12:00]} 21. Ne4
{[%clk 0:10:57]} Nb8 {[%clk 0:12:01]} 22. Nd2 {[%clk 0:11:01]} b5
{[%clk 0:10:55]} 23. axb5 {[%clk 0:10:13]} axb5 {[%clk 0:11:03]} 24. Ne4
{[%clk 0:04:52]} Nc6 {[%clk 0:11:03]} 25. Nc3 {[%clk 0:04:41]} Nd4
{[%clk 0:10:40]} 26. Rc1 {[%clk 0:04:50]} c4 {[%clk 0:10:30]} 27. bxc4
{[%clk 0:03:13]} bxc4 {[%clk 0:10:36]} 28. dxc4 {[%clk 0:02:01]} Rxc4
{[%clk 0:09:40]} 29. Ne4 {[%clk 0:02:11]} Nxc2 {[%clk 0:07:34]} 30. Re2
{[%clk 0:02:20]} Na3 {[%clk 0:07:39]} 31. Rxc4 {[%clk 0:01:20]} Nxc4
{[%clk 0:07:47]} 32. g4 {[%clk 0:01:05]} Rd4 {[%clk 0:06:49]} 33. Bg3
{[%clk 0:01:04]} Rxe4 0-1

[Event "Rapid 2018"]
[Site "Saint-Petersburg"]
[Date "2018.12.28"]
[Round "11"]
[Board "67"]
[White "Carlsson Pontus (SWE)"]
[Black "Gareyev Timur (USA)"]
[Result "1-0"]
[LiveChessVersion "1.4.8"]
[BlackElo "2575"]
[WhiteElo "2463"]

1. e4 {[%clk 0:11:00]} e5 {[%clk 0:15:13]} 2. Nf3 {[%clk 0:11:05]} Nc6
{[%clk 0:15:19]} 3. d4 {[%clk 0:10:55]} exd4 {[%clk 0:15:03]} 4. Nxd4
{[%clk 0:11:03]} Qf6 {[%clk 0:15:11]} 5. Nb5 {[%clk 0:10:59]} Bc5
{[%clk 0:15:17]} 6. Qe2 {[%clk 0:11:06]} Qd8 {[%clk 0:15:00]} 7. Be3
{[%clk 0:11:13]} Bb4+ {[%clk 0:14:52]} 8. c3 {[%clk 0:11:02]} Ba5
{[%clk 0:13:38]} 9. Nd2 {[%clk 0:10:04]} Nge7 {[%clk 0:13:21]} 10. Nc4
{[%clk 0:09:52]} O-O {[%clk 0:12:10]} 11. Nxa5 {[%clk 0:09:53]} Nxa5
{[%clk 0:12:18]} 12. O-O-O {[%clk 0:08:56]} d6 {[%clk 0:11:37]} 13. Qh5
{[%clk 0:06:20]} Nac6 {[%clk 0:11:23]} 14. f4 {[%clk 0:05:50]} Be6
{[%clk 0:10:13]} 15. Kb1 {[%clk 0:05:08]} f6 {[%clk 0:09:10]} 16. Bd3
{[%clk 0:04:49]} Qd7 {[%clk 0:09:17]} 17. h3 {[%clk 0:04:11]} f5 {[%clk 0:07:32]}
18. g4 {[%clk 0:04:08]} Bf7 {[%clk 0:06:49]} 19. Qh4 {[%clk 0:03:48]} fxe4
{[%clk 0:06:05]} 20. Bc2 {[%clk 0:03:04]} Rae8 {[%clk 0:06:07]} 21. Rhe1
{[%clk 0:02:01]} a6 {[%clk 0:06:17]} 22. Nd4 {[%clk 0:02:00]} d5 {[%clk 0:05:15]}
23. Nxc6 {[%clk 0:01:39]} Qxc6 {[%clk 0:05:19]} 24. f5 {[%clk 0:01:40]} Qd6
{[%clk 0:02:35]} 25. Bxe4 {[%clk 0:01:37]} Nc6 {[%clk 0:02:43]} 26. Bc2
{[%clk 0:01:37]} d4 {[%clk 0:02:30]} 27. Bxd4 {[%clk 0:00:34]} Nxd4
{[%clk 0:02:39]} 28. Rxd4 {[%clk 0:00:23]} Qh6 {[%clk 0:02:47]} 29. Qf2
{[%clk 0:00:13]} Qxh3 {[%clk 0:02:45]} 30. g5 {[%clk 0:00:14]} Rxe1+
{[%clk 0:02:30]} 31. Qxe1 {[%clk 0:00:22]} Re8 {[%clk 0:02:39]} 32. Qf2
{[%clk 0:00:14]} Qh5 {[%clk 0:02:09]} 33. Qg3 {[%clk 0:00:12]} c5
{[%clk 0:01:20]} 34. Rd1 {[%clk 0:00:14]} Qe2 {[%clk 0:01:22]} 35. g6
{[%clk 0:00:14]} hxg6 {[%clk 0:01:00]} 36. fxg6 {[%clk 0:00:20]} Bxa2+
{[%clk 0:01:04]} 37. Kxa2 {[%clk 0:00:23]} Qxc2 {[%clk 0:01:13]} 38. Qg4
{[%clk 0:00:24]} Qh2 {[%clk 0:00:12]} 39. Qe6+ {[%clk 0:00:15]} 1-0

[Event "Rapid 2018"]
[Site "Saint-Petersburg"]
[Date "2018.12.28"]
[Round "11"]
[Board "68"]
[White "Gabrielian Artur (RUS)"]
[Black "Zubritskiy Artyom (RUS)"]
[Result "1-0"]
[LiveChessVersion "1.4.8"]
[BlackElo "2397"]
[WhiteElo "2546"]

1. e4 {[%clk 0:15:18]} c5 {[%clk 0:15:19]} 2. Nc3 {[%clk 0:15:27]} d6
{[%clk 0:15:17]} 3. d4 {[%clk 0:15:35]} cxd4 {[%clk 0:15:21]} 4. Qxd4
{[%clk 0:15:44]} a6 {[%clk 0:15:15]} 5. b3 {[%clk 0:15:52]} Nc6 {[%clk 0:15:20]}
6. Qd2 {[%clk 0:16:01]} Nf6 {[%clk 0:13:43]} 7. Bb2 {[%clk 0:16:09]} e6
{[%clk 0:13:42]} 8. O-O-O {[%clk 0:16:17]} Be7 {[%clk 0:13:51]} 9. f4
{[%clk 0:16:14]} O-O {[%clk 0:13:40]} 10. Nf3 {[%clk 0:16:22]} Qa5
{[%clk 0:03:39]} 11. Kb1 {[%clk 0:16:28]} Rd8 {[%clk 0:03:38]} 12. Bd3
{[%clk 0:15:59]} Nb4 {[%clk 0:02:31]} 13. a3 {[%clk 0:11:45]} Nxd3
{[%clk 0:02:39]} 14. cxd3 {[%clk 0:11:54]} Qb6 {[%clk 0:02:34]} 15. Ka2
{[%clk 0:12:02]} Bd7 {[%clk 0:02:36]} 16. g4 {[%clk 0:12:11]} a5 {[%clk 0:02:19]}
17. g5 {[%clk 0:12:12]} Ne8 {[%clk 0:02:28]} 18. f5 {[%clk 0:11:54]} a4
{[%clk 0:02:37]} 19. b4 {[%clk 0:12:01]} exf5 {[%clk 0:02:38]} 20. Nd5
{[%clk 0:11:19]} Be6 {[%clk 0:02:47]} 21. Nd4 {[%clk 0:11:10]} Bxd5+
{[%clk 0:01:40]} 22. exd5 {[%clk 0:11:18]} Nc7 {[%clk 0:01:16]} 23. Nxf5
{[%clk 0:11:05]} Nxd5 {[%clk 0:00:59]} 24. Bxg7 {[%clk 0:06:29]} Rac8
{[%clk 0:00:23]} 25. Bb2 {[%clk 0:06:27]} Bf8 {[%clk 0:00:14]} 26. Rhg1
{[%clk 0:05:52]} Qb5 {[%clk 0:00:13]} 27. Rdf1 {[%clk 0:05:32]} Rc7
{[%clk 0:00:12]} 28. Ka1 {[%clk 0:04:39]} Rdc8 {[%clk 0:00:13]} 29. Nh6+
{[%clk 0:04:20]} Bxh6 {[%clk 0:00:23]} 30. gxh6+ {[%clk 0:04:28]} Kf8
{[%clk 0:00:32]} 31. Qg5 {[%clk 0:04:25]} Ke8 {[%clk 0:00:12]} 32. Rf5
{[%clk 0:03:56]} 1-0

[Event "Rapid 2018"]
[Site "Saint-Petersburg"]
[Date "2018.12.28"]
[Round "11"]
[Board "69"]
[White "Tissir Mohamed (MAR)"]
[Black "Golubov Saveliy (RUS)"]
[Result "1-0"]
[LiveChessVersion "1.4.8"]
[BlackElo "2542"]
[WhiteElo "2417"]

1. e4 {[%clk 0:15:17]} c5 {[%clk 0:15:18]} 2. Nc3 {[%clk 0:15:25]} a6
{[%clk 0:15:27]} 3. Nf3 {[%clk 0:15:33]} b5 {[%clk 0:15:35]} 4. d4
{[%clk 0:15:41]} cxd4 {[%clk 0:15:43]} 5. Nxd4 {[%clk 0:15:49]} Bb7
{[%clk 0:15:52]} 6. Bd3 {[%clk 0:15:53]} e6 {[%clk 0:15:52]} 7. O-O
{[%clk 0:16:00]} Qc7 {[%clk 0:16:00]} 8. a3 {[%clk 0:15:40]} Nf6 {[%clk 0:16:05]}
9. Qe2 {[%clk 0:15:38]} d6 {[%clk 0:16:08]} 10. f4 {[%clk 0:15:41]} Nbd7
{[%clk 0:16:15]} 11. Kh1 {[%clk 0:15:45]} Be7 {[%clk 0:16:14]} 12. Bd2
{[%clk 0:15:49]} h5 {[%clk 0:16:00]} 13. Rae1 {[%clk 0:14:37]} h4
{[%clk 0:15:54]} 14. Rf3 {[%clk 0:13:49]} Nc5 {[%clk 0:15:22]} 15. b4
{[%clk 0:13:48]} Nxd3 {[%clk 0:14:26]} 16. cxd3 {[%clk 0:13:56]} Rc8
{[%clk 0:14:35]} 17. Rh3 {[%clk 0:13:54]} g6 {[%clk 0:11:58]} 18. Rf1
{[%clk 0:12:55]} e5 {[%clk 0:09:44]} 19. Nb3 {[%clk 0:12:08]} exf4
{[%clk 0:09:32]} 20. Rxf4 {[%clk 0:12:12]} Nd7 {[%clk 0:07:03]} 21. Rf1
{[%clk 0:11:00]} O-O {[%clk 0:06:22]} 22. Nd4 {[%clk 0:09:59]} Ne5
{[%clk 0:04:29]} 23. Nc2 {[%clk 0:09:21]} f5 {[%clk 0:04:04]} 24. exf5
{[%clk 0:09:07]} Rxf5 {[%clk 0:04:12]} 25. Rxf5 {[%clk 0:09:09]} gxf5
{[%clk 0:04:20]} 26. Nd4 {[%clk 0:09:10]} Qd7 {[%clk 0:02:30]} 27. Qh5
{[%clk 0:08:55]} f4 {[%clk 0:02:38]} 28. Nf5 {[%clk 0:08:46]} Bf6
{[%clk 0:02:47]} 29. d4 {[%clk 0:08:32]} Qc6 {[%clk 0:02:25]} 30. d5
{[%clk 0:02:01]} Qc4 {[%clk 0:02:15]} 31. Qd1 {[%clk 0:02:02]} f3
{[%clk 0:00:52]} 32. gxf3 {[%clk 0:01:41]} Bxd5 {[%clk 0:00:13]} 33. Qg1+
{[%clk 0:00:59]} Kh7 {[%clk 0:00:14]} 34. Nxd5 {[%clk 0:01:06]} Qxd5
{[%clk 0:00:19]} 35. Rxh4+ 1-0

[Event "Rapid 2018"]
[Site "Saint-Petersburg"]
[Date "2018.12.28"]
[Round "11"]
[Board "70"]
[White "Popov Valerij (RUS)"]
[Black "Kobo Ori (ISR)"]
[Result "1-0"]
[LiveChessVersion "1.4.8"]
[BlackElo "2442"]
[WhiteElo "2531"]

1. d4 {[%clk 0:15:18]} Nf6 {[%clk 0:15:16]} 2. Nf3 {[%clk 0:15:26]} g6
{[%clk 0:15:19]} 3. c4 {[%clk 0:15:35]} Bg7 {[%clk 0:15:27]} 4. Nc3
{[%clk 0:15:43]} d5 {[%clk 0:15:35]} 5. Bg5 {[%clk 0:15:35]} Ne4 {[%clk 0:15:37]}
6. cxd5 {[%clk 0:15:20]} Nxg5 {[%clk 0:15:39]} 7. Nxg5 {[%clk 0:15:29]} O-O
{[%clk 0:15:16]} 8. Nf3 {[%clk 0:14:12]} c6 {[%clk 0:14:57]} 9. dxc6
{[%clk 0:13:56]} Nxc6 {[%clk 0:15:05]} 10. e3 {[%clk 0:14:03]} e5
{[%clk 0:15:09]} 11. d5 {[%clk 0:13:41]} e4 {[%clk 0:15:11]} 12. dxc6
{[%clk 0:09:48]} Qxd1+ {[%clk 0:13:53]} 13. Rxd1 {[%clk 0:07:54]} exf3
{[%clk 0:14:01]} 14. gxf3 {[%clk 0:06:26]} bxc6 {[%clk 0:14:09]} 15. Na4
{[%clk 0:05:55]} Be6 {[%clk 0:10:51]} 16. b3 {[%clk 0:06:04]} Rfd8
{[%clk 0:08:55]} 17. Ba6 {[%clk 0:05:59]} Bf8 {[%clk 0:06:37]} 18. Ke2
{[%clk 0:05:44]} Kg7 {[%clk 0:04:07]} 19. Bb7 {[%clk 0:05:36]} Rab8
{[%clk 0:04:04]} 20. Bxc6 {[%clk 0:05:20]} Rdc8 {[%clk 0:03:19]} 21. Be4
{[%clk 0:05:28]} Rb5 {[%clk 0:03:06]} 22. Rc1 {[%clk 0:05:24]} Rxc1
{[%clk 0:02:52]} 23. Rxc1 {[%clk 0:05:33]} Rh5 {[%clk 0:03:01]} 24. Rc7
{[%clk 0:04:32]} a5 {[%clk 0:02:43]} 25. Ra7 {[%clk 0:04:41]} Bb4
{[%clk 0:02:01]} 26. f4 {[%clk 0:02:57]} Rxh2 {[%clk 0:02:08]} 27. Nb2
{[%clk 0:03:02]} h5 {[%clk 0:00:30]} 28. Nd3 {[%clk 0:03:10]} Bc3
{[%clk 0:00:29]} 29. Nc5 {[%clk 0:02:57]} Bg4+ {[%clk 0:00:37]} 30. Kf1
{[%clk 0:03:04]} Rh4 {[%clk 0:00:20]} 31. Bd5 {[%clk 0:03:02]} Kh6
{[%clk 0:00:15]} 32. Rxf7 {[%clk 0:02:35]} Bh3+ {[%clk 0:00:24]} 33. Ke2
{[%clk 0:02:39]} Bf5 {[%clk 0:00:14]} 34. a4 {[%clk 0:01:40]} Rg4
{[%clk 0:00:21]} 35. Ne4 {[%clk 0:01:41]} Bxe4 {[%clk 0:00:16]} 36. Bxe4
{[%clk 0:01:51]} Rg1 {[%clk 0:00:16]} 37. Rc7 {[%clk 0:01:38]} Bb4
{[%clk 0:00:11]} 38. f5 {[%clk 0:01:38]} gxf5 {[%clk 0:00:17]} 39. Bxf5
{[%clk 0:01:47]} Re1+ {[%clk 0:00:18]} 40. Kf3 {[%clk 0:01:55]} Kg5
{[%clk 0:00:25]} 41. Bd3 {[%clk 0:01:19]} Rd1 {[%clk 0:00:28]} 42. Rg7+
{[%clk 0:00:58]} Kf6 {[%clk 0:00:30]} 43. Rg6+ {[%clk 0:01:07]} Kf7
{[%clk 0:00:26]} 44. Be4 {[%clk 0:01:15]} Rd2 {[%clk 0:00:19]} 45. Rh6
{[%clk 0:01:24]} Rb2 {[%clk 0:00:13]} 46. Rxh5 {[%clk 0:01:32]} Be1
{[%clk 0:00:19]} 47. Bd5+ {[%clk 0:01:33]} Kf6 {[%clk 0:00:26]} 48. Rh2
{[%clk 0:01:40]} Ke5 {[%clk 0:00:31]} 49. Bc4 {[%clk 0:01:49]} Kf5
{[%clk 0:00:14]} 50. e4+ {[%clk 0:01:37]} Ke5 {[%clk 0:00:23]} 51. Ke3
{[%clk 0:01:46]} Bd2+ {[%clk 0:00:31]} 52. Kd3 {[%clk 0:01:55]} Bf4
{[%clk 0:00:31]} 53. Rh5+ {[%clk 0:02:00]} Kd6 {[%clk 0:00:41]} 54. Rd5+
{[%clk 0:02:04]} Kc6 {[%clk 0:00:36]} 55. e5 {[%clk 0:02:03]} Rxf2
{[%clk 0:00:29]} 56. Rxa5 {[%clk 0:02:02]} Bd2 {[%clk 0:00:15]} 57. Bd5+
{[%clk 0:02:07]} Kb6 {[%clk 0:00:14]} 58. Rb5+ {[%clk 0:02:15]} 1-0

[Event "Rapid 2018"]
[Site "Saint-Petersburg"]
[Date "2018.12.28"]
[Round "11"]
[Board "71"]
[White "Fakhrutdinov Timur (RUS)"]
[Black "Geller Jakov (RUS)"]
[Result "1/2-1/2"]
[LiveChessVersion "1.4.8"]
[BlackElo "2530"]
[WhiteElo "2388"]

1. e4 {[%clk 0:15:18]} c5 {[%clk 0:15:18]} 2. Nf3 {[%clk 0:15:26]} Nc6
{[%clk 0:15:14]} 3. d4 {[%clk 0:15:34]} cxd4 {[%clk 0:15:22]} 4. Nxd4
{[%clk 0:15:43]} g6 {[%clk 0:15:22]} 5. Nc3 {[%clk 0:15:33]} Bg7 {[%clk 0:15:24]}
6. Be3 {[%clk 0:15:40]} Nf6 {[%clk 0:15:30]} 7. Bc4 {[%clk 0:15:43]} O-O
{[%clk 0:15:29]} 8. Bb3 {[%clk 0:15:48]} Re8 {[%clk 0:14:51]} 9. O-O
{[%clk 0:14:42]} d6 {[%clk 0:14:56]} 10. h3 {[%clk 0:14:15]} Na5 {[%clk 0:15:02]}
11. Re1 {[%clk 0:12:48]} a6 {[%clk 0:14:34]} 12. Qd3 {[%clk 0:11:53]} Bd7
{[%clk 0:12:19]} 13. Rad1 {[%clk 0:11:36]} Nxb3 {[%clk 0:12:05]} 14. axb3
{[%clk 0:11:35]} Qc7 {[%clk 0:12:02]} 15. Bg5 {[%clk 0:10:24]} Bc6
{[%clk 0:11:23]} 16. Nxc6 {[%clk 0:06:33]} bxc6 {[%clk 0:09:45]} 17. Ra1
{[%clk 0:06:39]} a5 {[%clk 0:09:37]} 18. Ra4 {[%clk 0:05:50]} Nd7
{[%clk 0:08:54]} 19. Be3 {[%clk 0:05:57]} e6 {[%clk 0:08:46]} 20. Rea1
{[%clk 0:05:11]} d5 {[%clk 0:07:22]} 21. Qd2 {[%clk 0:03:29]} Nb6
{[%clk 0:05:03]} 22. R4a2 {[%clk 0:02:15]} Red8 {[%clk 0:03:41]} 23. exd5
{[%clk 0:01:55]} Nxd5 {[%clk 0:03:20]} 24. Nxd5 {[%clk 0:01:28]} Rxd5
{[%clk 0:03:28]} 25. Qe2 {[%clk 0:01:23]} Rad8 {[%clk 0:03:32]} 26. g3
{[%clk 0:01:10]} h5 {[%clk 0:03:02]} 27. h4 {[%clk 0:01:11]} Qe5 {[%clk 0:01:46]}
28. Qc4 {[%clk 0:00:53]} Qf5 {[%clk 0:01:25]} 29. Kg2 {[%clk 0:00:51]} Bd4
{[%clk 0:01:13]} 30. Re1 {[%clk 0:00:29]} Rc5 {[%clk 0:00:40]} 31. Qd3
{[%clk 0:00:32]} Rxc2 {[%clk 0:00:19]} 32. Qxf5 {[%clk 0:00:26]} gxf5
{[%clk 0:00:27]} 33. Rxa5 {[%clk 0:00:18]} Bxe3 {[%clk 0:00:27]} 34. Rxe3
{[%clk 0:00:21]} Rdd2 {[%clk 0:00:35]} 35. Rf3 {[%clk 0:00:26]} Kg7
{[%clk 0:00:31]} 36. b4 {[%clk 0:00:24]} Rxb2 {[%clk 0:00:37]} 37. Rc5
{[%clk 0:00:29]} Rbc2 {[%clk 0:00:21]} 38. Rxc2 {[%clk 0:00:28]} Rxc2
{[%clk 0:00:29]} 39. Rb3 {[%clk 0:00:33]} Kg6 {[%clk 0:00:16]} 40. b5
{[%clk 0:00:41]} cxb5 {[%clk 0:00:25]} 41. Rxb5 {[%clk 0:00:50]} Rc4
{[%clk 0:00:23]} 42. f4 {[%clk 0:00:22]} Rc2+ {[%clk 0:00:18]} 43. Kf3
{[%clk 0:00:31]} Rc3+ {[%clk 0:00:27]} 44. Kf2 {[%clk 0:00:40]} Rc8
{[%clk 0:00:27]} 45. Kf3 {[%clk 0:00:42]} Kf6 {[%clk 0:00:36]} 46. Rb7
{[%clk 0:00:46]} Kg6 {[%clk 0:00:31]} 47. Ra7 {[%clk 0:00:50]} Rc6
{[%clk 0:00:39]} 48. Ra8 {[%clk 0:00:37]} Kg7 {[%clk 0:00:48]} 49. Re8
{[%clk 0:00:34]} Rc3+ {[%clk 0:00:32]} 50. Kf2 {[%clk 0:00:43]} Rc4
{[%clk 0:00:41]} 51. Kf3 {[%clk 0:00:49]} Re4 {[%clk 0:00:50]} 52. Ra8
{[%clk 0:00:28]} f6 {[%clk 0:00:56]} 53. Ra7+ {[%clk 0:00:28]} Kg6
{[%clk 0:01:02]} 54. Ra6 {[%clk 0:00:36]} Kh6 {[%clk 0:00:57]} 55. Rb6
{[%clk 0:00:44]} Kg6 {[%clk 0:00:36]} 56. Ra6 {[%clk 0:00:52]} Kf7
{[%clk 0:00:43]} 57. Ra7+ {[%clk 0:01:01]} Kf8 {[%clk 0:00:51]} 58. Ra8+
{[%clk 0:00:50]} Kf7 {[%clk 0:00:45]} 59. Ra7+ {[%clk 0:00:58]} Kf8
{[%clk 0:00:53]} 60. Ra8+ {[%clk 0:01:06]} Ke7 {[%clk 0:00:56]} 61. Ra7+
{[%clk 0:01:08]} Kf8 {[%clk 0:00:42]} 62. Ra8+ {[%clk 0:01:16]} Kg7
{[%clk 0:00:50]} 63. Ra7+ {[%clk 0:01:24]} Kg6 {[%clk 0:00:59]} 64. Ra6
{[%clk 0:01:32]} e5 {[%clk 0:01:04]} 65. fxe5 {[%clk 0:01:39]} Rxe5
{[%clk 0:01:13]} 66. Ra4 {[%clk 0:01:29]} Rb5 {[%clk 0:01:16]} 67. Rc4
{[%clk 0:01:17]} Ra5 {[%clk 0:01:23]} 1/2-1/2

[Event "Rapid 2018"]
[Site "Saint-Petersburg"]
[Date "2018.12.28"]
[Round "11"]
[Board "72"]
[White "Kryakvin Dmitry (RUS)"]
[Black "Pershin Denis (RUS)"]
[Result "1-0"]
[LiveChessVersion "1.4.8"]
[BlackElo "2353"]
[WhiteElo "2529"]

1. d4 {[%clk 0:15:18]} d5 {[%clk 0:15:19]} 2. c4 {[%clk 0:15:27]} c6
{[%clk 0:15:28]} 3. Nf3 {[%clk 0:15:36]} Nf6 {[%clk 0:15:37]} 4. Nc3
{[%clk 0:15:45]} e6 {[%clk 0:15:46]} 5. cxd5 {[%clk 0:15:51]} exd5
{[%clk 0:15:51]} 6. Qc2 {[%clk 0:16:00]} g6 {[%clk 0:15:55]} 7. Bg5
{[%clk 0:15:56]} Bg7 {[%clk 0:15:52]} 8. e3 {[%clk 0:15:45]} Bf5 {[%clk 0:15:56]}
9. Bd3 {[%clk 0:15:53]} Bxd3 {[%clk 0:16:04]} 10. Qxd3 {[%clk 0:16:02]} O-O
{[%clk 0:16:00]} 11. O-O {[%clk 0:16:07]} Nbd7 {[%clk 0:15:41]} 12. b4
{[%clk 0:16:16]} Re8 {[%clk 0:15:29]} 13. Rab1 {[%clk 0:16:17]} h6
{[%clk 0:12:38]} 14. Bh4 {[%clk 0:16:26]} g5 {[%clk 0:12:41]} 15. Bg3
{[%clk 0:16:34]} Ne4 {[%clk 0:12:49]} 16. b5 {[%clk 0:16:00]} Qa5
{[%clk 0:12:06]} 17. bxc6 {[%clk 0:15:24]} bxc6 {[%clk 0:11:59]} 18. Rfc1
{[%clk 0:15:07]} Rac8 {[%clk 0:06:41]} 19. Qc2 {[%clk 0:14:17]} Nxc3
{[%clk 0:05:26]} 20. Qxc3 {[%clk 0:14:25]} Qxc3 {[%clk 0:05:35]} 21. Rxc3
{[%clk 0:14:34]} c5 {[%clk 0:05:44]} 22. Ra3 {[%clk 0:13:39]} g4 {[%clk 0:05:06]}
23. Rxa7 {[%clk 0:13:15]} gxf3 {[%clk 0:05:13]} 24. Rxd7 {[%clk 0:13:23]} cxd4
{[%clk 0:05:22]} 25. exd4 {[%clk 0:13:16]} Rc2 {[%clk 0:04:48]} 26. gxf3
{[%clk 0:12:19]} Rxa2 {[%clk 0:04:46]} 27. Rxd5 {[%clk 0:12:04]} Rd2
{[%clk 0:04:40]} 28. Rb4 {[%clk 0:11:43]} Re1+ {[%clk 0:04:23]} 29. Kg2
{[%clk 0:11:52]} Red1 {[%clk 0:01:51]} 30. Rb8+ {[%clk 0:07:46]} Kh7
{[%clk 0:02:00]} 31. Rd7 {[%clk 0:07:55]} Rxd4 {[%clk 0:01:05]} 32. Rxf7
{[%clk 0:08:03]} Rd7 {[%clk 0:01:13]} 33. Rxd7 {[%clk 0:08:12]} Rxd7
{[%clk 0:01:22]} 34. Rb5 {[%clk 0:08:21]} Kg6 {[%clk 0:01:26]} 35. h4
{[%clk 0:08:26]} Rf7 {[%clk 0:01:11]} 36. h5+ {[%clk 0:08:20]} Kf6
{[%clk 0:01:19]} 37. Kh3 {[%clk 0:08:09]} Ke6 {[%clk 0:01:25]} 38. Kg4
{[%clk 0:08:14]} Bd4 {[%clk 0:01:33]} 39. f4 {[%clk 0:07:46]} Rg7+
{[%clk 0:01:42]} 40. Kf3 {[%clk 0:07:55]} Ba7 {[%clk 0:00:59]} 41. f5+
{[%clk 0:07:45]} Ke7 {[%clk 0:01:04]} 42. f6+ {[%clk 0:07:47]} 1-0